[Event "37th POL-ch"]
[Site "Lodz POL"]
[Date "1980.??.??"]
[Round "14"]
[White "Tomaszewski, Roman"]
[Black "Adamski, Andrzej"]
[Result "1-0"]
[WhiteElo "2365"]
[BlackElo "2350"]
[EventDate "1980.02.10"]

1.c4 g6 2.Nc3 Bg7 3.g3 d6 4.Bg2 e5 5.Nf3 Ne7 6.d4 Nd7 7.O-O O-O 8.e4 exd4 
9.Nxd4 Ne5 10.b3 Bd7 11.h3 f5 12.Be3 c5 13.Ndb5 fxe4 14.Nxe4 Bxb5 15.cxb5 
Nf3+ 16.Bxf3 Bxa1 17.Ng5 Be5 18.Bxb7 Rb8 19.Bd5+ Nxd5 20.Qxd5+ Kh8 21.Ne6 
Qf6 22.Nxf8 Rxf8 23.Rd1 g5 24.b4 cxb4 25.Bxa7 h5 26.Qe4 Qf7 27.Be3 Kg7 28.
Rd5 Kh8 29.b6 Bxg3 30.Bd4+ Be5 31.Bxe5+ dxe5 32.Qxe5+ Kh7 33.Qe4+ Kh6 34.
Rd6+ Kg7 35.Qd4+ Kg8 36.b7 b3 37.axb3 Qf5 38.Qd5+ Qxd5 39.Rxd5 Kg7 40.
Rxg5+ Kf6 1-0

[Event "37th POL-ch"]
[Site "Lodz POL"]
[Date "1980.??.??"]
[Round "14"]
[White "Skrobek, Ryszard"]
[Black "Adamski, Jan"]
[Result "1/2-1/2"]
[WhiteElo "2350"]
[BlackElo "2410"]
[EventDate "1980.02.10"]

1.e4 c5 2.Nf3 d6 3.d4 cxd4 4.Nxd4 Nf6 5.Nc3 a6 6.Bc4 e6 7.Bb3 b5 8.O-O Be7
9.f4 O-O 10.a3 Bb7 11.f5 e5 12.Nde2 Nbd7 13.Ng3 a5 14.Bg5 b4 15.axb4 axb4 
16.Rxa8 Bxa8 17.Bxf6 bxc3 18.Bxe7 Qxe7 19.bxc3 Nf6 20.Re1 Rc8 21.Qf3 Qc7 
22.c4 Bb7 23.h3 Qa5 24.Re2 Qc5+ 25.Kh2 Ra8 26.Nh5 Nxh5 27.Qxh5 f6 28.Ba4 
Bc6 29.Bxc6 Qxc6 30.Re3 Qxc4 31.Qd1 Rd8 32.Qd3 1/2-1/2

[Event "37th POL-ch"]
[Site "Lodz POL"]
[Date "1980.??.??"]
[Round "14"]
[White "Przewoznik, Jan"]
[Black "Pytel, Krzysztof"]
[Result "1/2-1/2"]
[WhiteElo "2340"]
[BlackElo "2450"]
[EventDate "1980.02.10"]

1.e4 e5 2.Nf3 Nc6 3.Bb5 a6 4.Ba4 Nf6 5.O-O Be7 6.Bxc6 dxc6 7.d3 Nd7 8.Nbd2
O-O 9.Nc4 f6 10.Nh4 Nc5 11.Nf5 Bxf5 12.exf5 Qd7 13.Qf3 Qd5 14.Qg3 e4 15.b4
exd3 16.Bh6 Rf7 17.Ne3 Ne4 18.Nxd5 Nxg3 19.Nxe7+ Rxe7 20.hxg3 gxh6 21.cxd3
Rd8 22.Rad1 Rd4 23.a3 Re5 24.Rfe1 Rxe1+ 25.Rxe1 Kf7 26.Re3 a5 27.Re4 Rd5 
28.g4 axb4 29.Rxb4 Rb5 30.d4 Ke7 31.Kf1 b6 32.Ke2 Rd5 1/2-1/2

[Event "37th POL-ch"]
[Site "Lodz POL"]
[Date "1980.??.??"]
[Round "14"]
[White "Kruszynski, Wlodzimierz"]
[Black "Schmidt, Wlodzimierz"]
[Result "1/2-1/2"]
[WhiteElo "2350"]
[BlackElo "2430"]
[EventDate "1980.02.10"]

1.e4 c5 2.Nf3 e6 3.d4 cxd4 4.Nxd4 a6 5.Nc3 Qc7 6.Be2 Nf6 7.O-O Bb4 8.Bf3 
Nc6 9.Nxc6 bxc6 10.Bg5 Be7 11.Re1 e5 12.Na4 h6 13.Bxf6 Bxf6 14.c4 Rb8 15.
c5 Be7 16.Qc2 O-O 17.Rac1 Rd8 18.b3 g5 19.Be2 d5 20.cxd6 Rxd6 21.Red1 
Rxd1+ 22.Rxd1 Be6 23.Bc4 1/2-1/2

[Event "37th POL-ch"]
[Site "Lodz POL"]
[Date "1980.??.??"]
[Round "14"]
[White "Jasnikowski, Zbigniew"]
[Black "Pokojowczyk, Jerzy"]
[Result "0-1"]
[WhiteElo "2325"]
[BlackElo "2380"]
[EventDate "1980.02.10"]

1.d4 Nf6 2.Nc3 d5 3.Bg5 Nbd7 4.Nf3 g6 5.e3 Bg7 6.Bd3 O-O 7.h4 c5 8.h5 c4 
9.Be2 b5 10.Ne5 Bb7 11.hxg6 hxg6 12.Bg4 Nxe5 13.dxe5 b4 14.exf6 exf6 15.
Bh6 bxc3 16.bxc3 d4 17.Bxg7 Kxg7 18.Qxd4 Bxg2 19.Rh2 Rh8 20.Rxh8 Qxh8 21.
O-O-O Qh4 22.Rd2 Rb8 23.Be2 Qxf2 24.Bxc4 Qe1+ 25.Rd1 Qg3 26.Qxa7 Rb7 27.
Qd4 Bf3 28.Rf1 g5 29.a4 g4 30.a5 Qe5 31.a6 Rc7 32.Bd3 Rxc3 33.Qxe5 fxe5 
34.Kb2 Rc7 35.Bf5 Kf6 0-1

[Event "37th POL-ch"]
[Site "Lodz POL"]
[Date "1980.??.??"]
[Round "14"]
[White "Bielczyk, Jacek"]
[Black "Kuligowski, Adam"]
[Result "1/2-1/2"]
[WhiteElo "2380"]
[BlackElo "2405"]
[EventDate "1980.02.10"]

1.e4 e5 2.Nf3 Nc6 3.Bb5 Nf6 4.O-O Nxe4 5.d4 Nd6 6.Bxc6 dxc6 7.dxe5 Nf5 8.
Qe2 Nd4 9.Nxd4 Qxd4 10.Nc3 Bg4 11.Qe3 Qxe3 12.Bxe3 Bb4 13.Ne4 Bf5 14.c3 
Be7 1/2-1/2

[Event "37th POL-ch"]
[Site "Lodz POL"]
[Date "1980.??.??"]
[Round "15"]
[White "Sydor, Andrzej"]
[Black "Bielczyk, Jacek"]
[Result "1/2-1/2"]
[WhiteElo "2405"]
[BlackElo "2380"]
[EventDate "1980.02.10"]

1.d4 Nf6 2.Nf3 g6 3.g3 Bg7 4.Bg2 O-O 5.c4 c6 6.O-O d5 7.cxd5 cxd5 8.Nc3 
Ne4 9.Ne5 Nxc3 10.bxc3 Nc6 11.Nxc6 bxc6 12.Qa4 Qb6 13.Ba3 Qa6 14.Qxa6 Bxa6
15.Rfe1 Rfe8 1/2-1/2

[Event "37th POL-ch"]
[Site "Lodz POL"]
[Date "1980.??.??"]
[Round "15"]
[White "Schmidt, Wlodzimierz"]
[Black "Jasnikowski, Zbigniew"]
[Result "1-0"]
[WhiteElo "2430"]
[BlackElo "2325"]
[EventDate "1980.02.10"]

1.d4 f5 2.Nf3 Nf6 3.g3 g6 4.b3 Bg7 5.Bb2 b5 6.Bg2 Bb7 7.O-O O-O 8.c4 bxc4 
9.bxc4 Na6 10.Nbd2 Rb8 11.Rb1 Ne4 12.Ne5 Nxd2 13.Qxd2 Bxg2 14.Kxg2 Rf6 15.
c5 Re6 16.Nd3 Rb5 17.Qc2 c6 18.a4 Rb4 19.Nxb4 Nxb4 20.Qc4 Nd5 21.Qa6 f4 
22.Qxa7 Qf8 23.Qa6 g5 24.Qd3 Rh6 25.h3 Qf6 26.a5 Qe6 27.Rh1 fxg3 28.Bc1 
gxf2 29.a6 g4 30.a7 gxh3+ 31.Kf1 Rg6 32.a8=Q+ Kf7 33.Qf3+ Bf6 34.Qh8 Rg7 
35.Rb8 Rg1+ 36.Rxg1 fxg1=Q+ 37.Kxg1 h2+ 38.Kh1 Kg6 1-0

[Event "37th POL-ch"]
[Site "Lodz POL"]
[Date "1980.??.??"]
[Round "15"]
[White "Pytel, Krzysztof"]
[Black "Tomaszewski, Roman"]
[Result "1/2-1/2"]
[WhiteElo "2450"]
[BlackElo "2365"]
[EventDate "1980.02.10"]

1.d4 Nf6 2.c4 g6 3.f3 d5 4.cxd5 Nxd5 5.e4 Nb6 6.Nc3 Bg7 7.Be3 O-O 8.f4 Nc6
9.d5 Nb8 10.Bd4 e5 11.Bxe5 Bxe5 12.fxe5 Re8 13.Nf3 Bg4 14.Qd4 Bxf3 15.gxf3
Qh4+ 16.Qf2 Qf4 17.Bg2 Nc4 18.O-O Nd7 19.Ne2 Qxe5 20.b3 Ncb6 21.f4 Qb2 22.
e5 Nf6 23.Rfb1 Qd2 24.Rd1 Qb2 25.Rdb1 Qd2 26.Rd1 Qb2 1/2-1/2

[Event "37th POL-ch"]
[Site "Lodz POL"]
[Date "1980.??.??"]
[Round "15"]
[White "Pokojowczyk, Jerzy"]
[Black "Sznapik, Aleksander"]
[Result "1-0"]
[WhiteElo "2380"]
[BlackElo "2460"]
[EventDate "1980.02.10"]

1.e4 c5 2.Nf3 e6 3.d4 cxd4 4.Nxd4 Nc6 5.Nb5 d6 6.c4 Nf6 7.N1c3 a6 8.Na3 
Be7 9.Be2 O-O 10.O-O Bd7 11.Be3 b6 12.Rc1 Qb8 13.Nab1 Rc8 14.Nd2 Be8 15.a3
Ra7 16.b4 Rac7 17.f4 Nd7 18.Qb3 Bf6 19.Nf3 Na7 20.e5 dxe5 21.Ne4 exf4 22.
Bxf4 Be7 23.Nd6 e5 24.Nxc8 Rxc8 25.Bg3 Bf6 26.Rcd1 Nf8 27.Bh4 e4 28.Bg3 
Qb7 29.Nd4 Bd7 30.Nf5 Bxf5 31.Rxf5 Nc6 32.Rfd5 Ne7 33.Bg4 Re8 34.Rd6 Nc6 
35.Qe3 Ne5 36.Be2 Qc8 37.Qxe4 b5 38.cxb5 axb5 39.Bxb5 Re7 40.Rd8 Qc7 41.
Rxf8+ 1-0

[Event "37th POL-ch"]
[Site "Lodz POL"]
[Date "1980.??.??"]
[Round "15"]
[White "Kuligowski, Adam"]
[Black "Kruszynski, Wlodzimierz"]
[Result "1-0"]
[WhiteElo "2405"]
[BlackElo "2350"]
[EventDate "1980.02.10"]

1.d4 Nf6 2.c4 e6 3.Nf3 b6 4.a3 Bb7 5.Nc3 d5 6.cxd5 exd5 7.g3 Be7 8.Bg2 O-O
9.O-O c5 10.Bf4 Na6 11.Ne5 Nc7 12.dxc5 bxc5 13.Nc4 Rb8 14.Bxc7 Qxc7 15.
Nxd5 Bxd5 16.Bxd5 Rfd8 17.e4 Nxe4 18.Qh5 Ng5 19.Rad1 Rd7 20.f4 g6 21.Qe2 
Rbd8 22.Qg2 Ne6 23.Ne5 Rd6 24.f5 Nd4 25.fxg6 Rxd5 26.gxh7+ Kh8 27.Nxf7+ 
Kg7 28.Qxd5 1-0

[Event "37th POL-ch"]
[Site "Lodz POL"]
[Date "1980.??.??"]
[Round "15"]
[White "Ksieski, Zbigniew"]
[Black "Przewoznik, Jan"]
[Result "1-0"]
[WhiteElo "2345"]
[BlackElo "2340"]
[EventDate "1980.02.10"]

1.d4 Nf6 2.c4 e6 3.Nc3 Bb4 4.g3 O-O 5.Bg2 d5 6.Nf3 dxc4 7.O-O Nc6 8.Bg5 h6
9.Bxf6 Qxf6 10.e4 Bxc3 11.bxc3 e5 12.d5 Na5 13.Nd2 b5 14.Qc1 a6 15.f4 c6 
16.Qa3 Nb7 17.fxe5 Qxe5 18.Nf3 Qxe4 19.Nd4 Qe3+ 20.Kh1 b4 21.Qxb4 c5 22.
Nc2 Qxg3 23.hxg3 cxb4 24.cxb4 Nd6 25.Nd4 Bd7 26.Nc6 Rae8 27.Rf2 Re3 28.Rf3
Rxf3 29.Bxf3 Re8 30.a4 c3 31.Rc1 Re3 32.Kg2 Rd3 33.Be2 Rd2 34.Kf3 h5 35.
Bxa6 Bg4+ 36.Kf4 f6 37.Rxc3 Nf5 38.Ke4 g6 39.Bf1 Rf2 40.Bc4 Rd2 41.Ne7+ 
Nxe7 42.d6+ Kf8 43.dxe7+ Kxe7 44.a5 Rb2 45.b5 Bd7 46.b6 Bc6+ 47.Kd4 Kd6 
48.Re3 Rb4 49.Re6+ Kd7 50.Rxf6 Ra4 51.a6 g5 52.b7 Bxb7 53.Rf7+ Kc8 54.Rxb7
h4 55.gxh4 gxh4 56.Kc5 h3 57.Rh7 Ra3 58.Rxh3 1-0

[Event "37th POL-ch"]
[Site "Lodz POL"]
[Date "1980.??.??"]
[Round "15"]
[White "Adamski, Jan"]
[Black "Maciejewski, Andrzej"]
[Result "1-0"]
[WhiteElo "2410"]
[BlackElo "2370"]
[EventDate "1980.02.10"]

1.c4 Nf6 2.Nc3 g6 3.e4 d6 4.d4 Bg7 5.Be2 O-O 6.Bg5 c6 7.Nf3 Qc7 8.O-O Nbd7
9.Qd2 a6 10.Rac1 Qb8 11.d5 Nc5 12.Qc2 a5 13.Rfd1 Bd7 14.Nd4 Rc8 15.h3 Na6 
16.Qd2 a4 17.Rb1 c5 18.Nf3 b5 19.cxb5 Nc7 20.e5 Nfe8 21.Bxe7 dxe5 22.Bc4 
Nxb5 23.Nxb5 Bxb5 24.Bxb5 Qxb5 25.d6 Qd7 26.Qd5 Nc7 27.Qb7 f6 28.Rbc1 Kf7 
29.Rxc5 Rab8 30.Qc6 Qxc6 31.Rxc6 Ne6 32.Rxc8 Rxc8 33.d7 Rb8 34.d8=Q Nxd8 
35.Bxd8 Rxb2 36.Rd7+ Kg8 37.a3 e4 38.Nd2 f5 39.Nc4 Rb1+ 40.Kh2 Rc1 41.Ne3 
f4 42.Nd5 Rc2 1-0

[Event "37th POL-ch"]
[Site "Lodz POL"]
[Date "1980.??.??"]
[Round "15"]
[White "Adamski, Andrzej"]
[Black "Schinzel, Wladyslaw"]
[Result "1-0"]
[WhiteElo "2350"]
[BlackElo "2385"]
[EventDate "1980.02.10"]

1.e4 c5 2.f4 Nc6 3.Nf3 e6 4.Nc3 d5 5.exd5 exd5 6.Bb5 Ne7 7.Qe2 Qd6 8.d4 c4
9.b3 cxb3 10.axb3 Bg4 11.h3 Bxf3 12.Qxf3 O-O-O 13.O-O Nxd4 14.Qf2 Qc5 15.
Bd2 Nec6 16.b4 Qxb4 17.Rfb1 Qc5 18.Na4 Qxb5 19.Rxb5 Nxb5 20.Qe2 a6 21.Qd3 
Kb8 22.Kh1 Be7 23.Nb6 Bf6 24.Rb1 d4 25.Qf5 Nd6 26.Qd5 Rhe8 27.Nd7+ Rxd7 
28.Qxc6 Ree7 29.Qxa6 Ne4 30.Ba5 Nc3 31.Rb3 Bh4 32.Qd3 Ne4 33.Qf3 f5 34.Rb1
Nf2+ 35.Kg1 Ne4 36.Rf1 g6 37.Bb4 Re6 38.Qb3 Re8 39.Qa4 Rdd8 40.Ba5 Rc8 41.
Bb6 Rc6 42.Qa7+ Kc8 43.Qa8+ Kd7 44.Qxb7+ Kd6 45.Bxd4 Re7 46.Be5+ Kc5 47.
Qb2 Rd7 48.c4 Rb6 49.Qa3+ Rb4 50.Qa5+ 1-0

[Event "37th POL-ch"]
[Site "Lodz POL"]
[Date "1980.??.??"]
[Round "16"]
[White "Tomaszewski, Roman"]
[Black "Ksieski, Zbigniew"]
[Result "0-1"]
[WhiteElo "2365"]
[BlackElo "2345"]
[EventDate "1980.02.10"]

1.c4 g6 2.Nc3 Bg7 3.g3 Nf6 4.Bg2 O-O 5.e4 d6 6.Nge2 c5 7.O-O Nc6 8.d3 a6 
9.a4 Rb8 10.h3 Ne8 11.Be3 Nd4 12.Rb1 Bd7 13.b4 Nc7 14.a5 cxb4 15.Rxb4 Nce6
16.Rb6 Qc8 17.Nd5 Re8 18.f4 f5 19.exf5 gxf5 20.Ndc3 Bc6 21.Re1 Nf3+ 22.
Bxf3 Bxf3 23.Qd2 Qd7 24.Kf2 Bxe2 25.Nxe2 d5 26.Qa2 d4 27.Bd2 Nc5 28.Qa3 
Rbc8 29.Bb4 Na4 30.Ng1 Nxb6 31.axb6 e5 32.fxe5 Bxe5 33.Nf3 Bf6 34.Qa2 Rxe1
35.Bxe1 Qe6 36.Kg2 f4 37.g4 h5 38.g5 Bxg5 39.Nxg5 Qxe1 40.c5+ Kh8 41.Qd5 
Qe2+ 42.Kh1 Qe1+ 0-1

[Event "37th POL-ch"]
[Site "Lodz POL"]
[Date "1980.??.??"]
[Round "16"]
[White "Skrobek, Ryszard"]
[Black "Pokojowczyk, Jerzy"]
[Result "1/2-1/2"]
[WhiteElo "2350"]
[BlackElo "2380"]
[EventDate "1980.02.10"]

1.d4 Nf6 2.Nf3 e6 3.c4 b6 4.Bf4 Be7 5.Nc3 Bb7 6.h3 Ne4 7.Nxe4 Bxe4 8.Nd2 
Bb7 9.e4 Bg5 10.Qg4 Bxf4 11.Qxf4 d6 12.Nf3 Nd7 13.Bd3 Qe7 14.Qe3 O-O 15.
O-O c5 16.Rad1 e5 17.dxc5 dxc5 18.Nd2 Nb8 19.Nb1 Nc6 20.Nc3 Nd4 1/2-1/2

[Event "37th POL-ch"]
[Site "Lodz POL"]
[Date "1980.??.??"]
[Round "16"]
[White "Schmidt, Wlodzimierz"]
[Black "Kuligowski, Adam"]
[Result "1/2-1/2"]
[WhiteElo "2430"]
[BlackElo "2405"]
[EventDate "1980.02.10"]

1.d4 Nf6 2.c4 e6 3.Nf3 b6 4.g3 Bb7 5.Bg2 Bb4+ 6.Bd2 Be7 7.Nc3 O-O 8.O-O 
Na6 9.Rc1 c5 10.d5 exd5 11.Nh4 Nc7 12.Nf5 Re8 13.Bf4 d6 14.Ne3 h6 15.Nexd5
Nfxd5 16.Nxd5 Nxd5 17.Bxd5 Bxd5 18.Qxd5 Bg5 19.Bxg5 Qxg5 20.Qxg5 hxg5 21.
e3 Re4 22.Rfd1 Rd8 23.Rd5 f6 24.b3 1/2-1/2

[Event "37th POL-ch"]
[Site "Lodz POL"]
[Date "1980.??.??"]
[Round "16"]
[White "Schinzel, Wladyslaw"]
[Black "Pytel, Krzysztof"]
[Result "1/2-1/2"]
[WhiteElo "2385"]
[BlackElo "2450"]
[EventDate "1980.02.10"]

1.Nf3 Nf6 2.c4 c5 3.d4 cxd4 4.Nxd4 Nc6 5.Nc3 g6 6.e4 Bg7 7.Be3 O-O 8.Be2 
b6 9.O-O Bb7 10.f3 Nh5 11.Rc1 Nf4 12.Bxf4 Nxd4 13.Qd2 d6 14.Bh6 Bxh6 15.
Qxh6 e5 16.Bd3 Ne6 17.Rfd1 a6 18.Qe3 Bc6 19.Ne2 Rb8 20.Bb1 Qe7 21.Qa3 a5 
22.Qxd6 Qxd6 23.Rxd6 Rfc8 24.Kf2 Kf8 25.Rd2 h5 26.h4 Bb7 27.b3 Ba6 28.g3 
Bb7 29.Rcd1 Bc6 30.Ke3 b5 31.cxb5 Bxb5 32.Bd3 Be8 33.f4 exf4+ 34.Nxf4 Nc5 
35.Nd5 Bc6 36.Rc2 Bxd5 37.exd5 Ke7 38.d6+ Kd7 39.Bc4 Ne6 40.a4 Rb6 41.Rd5 
Rc5 42.Rxc5 Nxc5 43.Rd2 f6 44.Bf7 g5 45.hxg5 fxg5 46.Bxh5 Rxb3+ 47.Kd4 
Nxa4 48.Bg4+ Kd8 49.Be6 Rb4+ 50.Ke5 Rb5+ 51.Kf6 Nc3 52.Bf5 Rd5 53.Rxd5 
Nxd5+ 54.Kxg5 a4 55.Be6 Nb6 56.g4 a3 57.Kf5 Nd7 58.Ba2 Nf8 59.Ke5 Kd7 60.
Bc4 Ng6+ 61.Kd5 Nf4+ 62.Ke4 Ng6 63.Kf5 Nf8 64.Ke5 Ng6+ 65.Kd5 Nf4+ 66.Kc5 
Nd3+ 67.Kd4 Nf4 1/2-1/2

[Event "37th POL-ch"]
[Site "Lodz POL"]
[Date "1980.??.??"]
[Round "16"]
[White "Przewoznik, Jan"]
[Black "Adamski, Jan"]
[Result "1/2-1/2"]
[WhiteElo "2340"]
[BlackElo "2410"]
[EventDate "1980.02.10"]

1.e4 c5 2.Nf3 d6 3.d4 cxd4 4.Qxd4 Nc6 5.Bb5 Bd7 6.Bxc6 Bxc6 7.Nc3 Nf6 8.
Bg5 e6 9.O-O-O Be7 10.Rhe1 h6 11.Bh4 O-O 12.Kb1 Qc7 13.Qd2 Rfd8 14.g4 d5 
15.e5 Ne4 16.Qd4 Bc5 17.Qd3 Nxf2 18.Bxf2 Bxf2 19.Re2 d4 20.Ne4 Be3 21.g5 
Bxe4 22.Qxe4 hxg5 23.h4 Rac8 24.Nxg5 d3 25.Qh7+ Kf8 26.Nxe6+ fxe6 27.Rf1+ 
Qf7 28.Rxf7+ Kxf7 29.Qh5+ Kg8 30.Rg2 d2 31.Qd1 Rc4 32.Rh2 Re4 33.c3 Bf4 
34.Rh1 Bg3 35.Kc2 Re1 36.Rxe1 dxe1=Q 37.Qxd8+ Kh7 38.Qd3+ Kg8 39.Qd8+ Kh7 
40.Qd3+ Kh6 41.h5 Qf2+ 42.Kb3 Qb6+ 43.Kc2 Qf2+ 44.Kb3 Kxh5 45.Qh7+ Kg5 46.
Qxg7+ Kf5 47.Qf6+ Ke4 48.Qxe6 Qc5 49.Qg4+ Bf4 50.Qg2+ Kxe5 51.Qxb7 Qd5+ 
52.Qxd5+ Kxd5 53.Ka4 Kc6 54.Ka5 1/2-1/2

[Event "37th POL-ch"]
[Site "Lodz POL"]
[Date "1980.??.??"]
[Round "16"]
[White "Kruszynski, Wlodzimierz"]
[Black "Sydor, Andrzej"]
[Result "1/2-1/2"]
[WhiteElo "2350"]
[BlackElo "2405"]
[EventDate "1980.02.10"]

1.e4 e5 2.Nf3 Nc6 3.Bb5 a6 4.Ba4 Nf6 5.O-O Nxe4 6.d4 Be7 7.Re1 f5 8.d5 Na5
9.Nxe5 O-O 10.c3 Bc5 11.Nd3 Ba7 12.Be3 Bxe3 13.Rxe3 d6 14.Na3 b5 15.Bc2 
Qg5 16.Nb4 Nf6 17.Qd4 f4 18.Rf3 Nh5 19.h3 Bd7 1/2-1/2

[Event "37th POL-ch"]
[Site "Lodz POL"]
[Date "1980.??.??"]
[Round "16"]
[White "Jasnikowski, Zbigniew"]
[Black "Sznapik, Aleksander"]
[Result "0-1"]
[WhiteElo "2325"]
[BlackElo "2460"]
[EventDate "1980.02.10"]

1.d4 Nf6 2.Nc3 g6 3.e4 d6 4.Nf3 Bg7 5.Bc4 Nc6 6.Qe2 O-O 7.e5 dxe5 8.dxe5 
Ng4 9.e6 fxe6 10.O-O Qd6 11.Rd1 Nd4 12.Rxd4 Bxd4 13.Ne4 Rxf3 14.Nxd6 Rxf2 
15.Qxg4 Rf4+ 16.Kh1 Rxg4 17.Nxc8 Kf7 18.Bh6 Bf6 19.Bb3 Re4 20.g4 Rxc8 21.
Rf1 g5 22.c3 Rg8 23.h4 Rxg4 24.Bxg5 Re4 25.Bc2 Re2 26.Bxh7 Rh8 27.Bd3 Rxb2
28.Bc4 Kg7 29.Kg1 Bxg5 30.hxg5 Rhh2 31.Bxe6 Rbg2# 0-1

[Event "37th POL-ch"]
[Site "Lodz POL"]
[Date "1980.??.??"]
[Round "16"]
[White "Bielczyk, Jacek"]
[Black "Adamski, Andrzej"]
[Result "1/2-1/2"]
[WhiteElo "2380"]
[BlackElo "2350"]
[EventDate "1980.02.10"]

1.e4 g6 2.d4 d6 3.Nc3 Bg7 4.f4 a6 5.Nf3 b5 6.Bd3 Bb7 7.a4 b4 8.Ne2 c5 9.c3
cxd4 10.cxd4 Nf6 11.e5 Nd5 12.O-O O-O 13.Qe1 Nc6 14.Qh4 e6 15.Qh3 Qb6 16.
Kh1 Rad8 17.Ng5 h6 18.Nf3 a5 19.f5 exf5 20.Bxh6 dxe5 21.Bxf5 Nce7 22.Bd3 
Bxh6 23.Qxh6 Qf6 24.Nxe5 Qg7 25.Qh3 Bc8 26.Qg3 Nf5 27.Bxf5 Bxf5 28.Rac1 
Rc8 29.Nf4 Rxc1 30.Rxc1 Qh6 31.Rf1 Nxf4 32.Rxf4 Rc8 33.h3 Qh5 34.Ng4 Bxg4 
35.Rxg4 Qf5 36.Kh2 Kg7 37.Rf4 Qd5 38.Qf3 Qxf3 39.Rxf3 Rc2 40.b3 Rd2 41.Re3
Rxd4 42.Re5 1/2-1/2

[Event "37th POL-ch"]
[Site "Lodz POL"]
[Date "1980.??.??"]
[Round "17"]
[White "Sznapik, Aleksander"]
[Black "Skrobek, Ryszard"]
[Result "1-0"]
[WhiteElo "2460"]
[BlackElo "2350"]
[EventDate "1980.02.10"]

1.c4 Nf6 2.Nf3 e6 3.g3 a6 4.Bg2 b5 5.b3 Bb7 6.O-O c5 7.Bb2 Be7 8.e3 O-O 9.
Nc3 Qb6 10.Qe2 bxc4 11.Qxc4 d6 12.d4 Nbd7 13.Na4 Qb5 14.Qc2 Be4 15.Qd1 Qb7
16.dxc5 Nxc5 17.Nxc5 dxc5 18.Qe2 a5 19.Rac1 a4 20.Bxf6 gxf6 21.Rc4 axb3 
22.Rxe4 Qxe4 23.Nd2 Qe5 24.Bxa8 bxa2 25.Qg4+ Kh8 26.Qa4 Qb2 27.Nc4 Qb1 28.
Bf3 Rb8 29.Nd2 Qb2 30.Qa7 Bf8 31.Nc4 Qb1 32.Be4 a1=Q 33.Qxa1 Qxe4 34.Qxf6+
Kg8 35.Ne5 Qb7 36.Rd1 Bg7 37.Rd8+ Rxd8 38.Qxd8+ Bf8 39.Nd7 Qb1+ 40.Kg2 
Qe4+ 41.Kg1 Qb1+ 42.Kg2 Qe4+ 43.Kf1 Qd3+ 44.Kg2 Qd6 45.Qg5+ Kh8 46.Nf6 
Qc6+ 47.Kg1 Bg7 48.Nh5 Bf8 49.Qe5+ f6 50.Qxf6+ Kg8 51.Nf4 c4 52.Qxe6+ Qxe6
53.Nxe6 Kf7 54.Nd4 Ke7 55.Kf1 Kd6 56.Ke2 Kd5 57.f3 Bb4 58.Nc2 Ba5 59.g4 
Bd8 60.f4 Ke4 61.g5 c3 62.h4 h5 63.gxh6 Bxh4 64.h7 Bf6 65.Nd4 Bh8 66.Nf3 
1-0

[Event "37th POL-ch"]
[Site "Lodz POL"]
[Date "1980.??.??"]
[Round "17"]
[White "Sydor, Andrzej"]
[Black "Schmidt, Wlodzimierz"]
[Result "1/2-1/2"]
[WhiteElo "2405"]
[BlackElo "2430"]
[EventDate "1980.02.10"]

1.d4 Nf6 2.Nf3 g6 3.Bf4 Bg7 4.e3 O-O 5.Be2 c5 6.O-O b6 7.c4 Bb7 8.d5 b5 9.
d6 Ne4 10.dxe7 Qxe7 11.Nbd2 bxc4 12.Nxe4 Qxe4 13.Bd6 Rc8 14.Rc1 Bd5 15.
Bxc4 Qxc4 16.Rxc4 Bxc4 17.Re1 Bxa2 18.b3 Na6 19.Ng5 Nb4 20.Ne4 a5 21.Nxc5 
1/2-1/2

[Event "37th POL-ch"]
[Site "Lodz POL"]
[Date "1980.??.??"]
[Round "17"]
[White "Pytel, Krzysztof"]
[Black "Bielczyk, Jacek"]
[Result "1/2-1/2"]
[WhiteElo "2450"]
[BlackElo "2380"]
[EventDate "1980.02.10"]

1.d4 Nf6 2.c4 d6 3.Nc3 Nbd7 4.e4 e5 5.d5 g6 6.Bd3 Bg7 7.Nge2 Nc5 8.Bc2 a5 
9.h3 c6 10.Bg5 h6 11.Be3 cxd5 12.cxd5 O-O 13.a3 a4 14.Ng3 h5 15.Nf1 h4 16.
Bg5 Qb6 17.Rb1 Nh5 18.Ne3 Nf4 19.O-O Bxh3 20.Nxa4 Nxa4 21.Bxa4 Bxg2 22.
Nxg2 Nh3+ 23.Kh1 Nxg5 24.Bc2 Rac8 25.Nxh4 Nh3 26.Kg2 Nf4+ 27.Kf3 Qd8 28.
Ng2 Qg5 29.Nxf4 exf4 30.Rh1 Be5 31.Bd3 Kg7 32.Qg1 Qf6 33.Qg4 Bxb2 1/2-1/2

[Event "37th POL-ch"]
[Site "Lodz POL"]
[Date "1980.??.??"]
[Round "17"]
[White "Pokojowczyk, Jerzy"]
[Black "Maciejewski, Andrzej"]
[Result "1/2-1/2"]
[WhiteElo "2380"]
[BlackElo "2370"]
[EventDate "1980.02.10"]

1.e4 g6 2.d4 c6 3.Nc3 d5 4.e5 h5 5.Be2 Nh6 6.h3 Nf5 7.Nf3 Bg7 8.Bf4 Nd7 9.
Qd2 Nf8 10.O-O-O Ne6 11.g4 Nxf4 12.Qxf4 Bh6 13.g5 Bf8 14.Bd3 e6 15.Ne2 b5 
16.h4 b4 17.Kb1 a5 18.Bxf5 exf5 19.e6 Bxe6 20.Qe5 Rg8 21.Nf4 Qd6 22.Rhe1 
Qxe5 23.Nxe5 Bd6 24.Nxe6 fxe6 25.Nxc6 Kd7 26.Ne5+ Bxe5 27.Rxe5 Rgc8 28.Rd3
Ra6 29.Re2 Rac6 30.a4 Rc4 31.Red2 R8c6 32.b3 Rc3 33.f4 Kd6 34.Kc1 Kd7 35.
Kb1 1/2-1/2

[Event "37th POL-ch"]
[Site "Lodz POL"]
[Date "1980.??.??"]
[Round "17"]
[White "Kuligowski, Adam"]
[Black "Jasnikowski, Zbigniew"]
[Result "0-1"]
[WhiteElo "2405"]
[BlackElo "2325"]
[EventDate "1980.02.10"]

1.d4 Nf6 2.c4 g6 3.Nc3 Bg7 4.e4 d6 5.f3 O-O 6.Bg5 Nc6 7.Nge2 a6 8.Qd2 Rb8 
9.d5 Ne5 10.Nd4 c5 11.Nc2 b5 12.cxb5 axb5 13.Nxb5 h6 14.Be3 Nh5 15.Be2 f5 
16.exf5 Bxf5 17.O-O g5 18.a4 Nf4 19.Bxf4 gxf4 20.Nca3 Bd7 21.Rac1 Ra8 22.
b3 h5 23.Bd1 Ng6 24.Bc2 Nh4 25.Kh1 Nf5 26.Qxf4 Bh6 27.Qe4 Bxc1 28.Rxc1 Rf7
29.Re1 h4 30.Qd3 Qf8 31.Nc7 Rb8 32.Ne6 Qh6 33.Nc4 Bxe6 34.dxe6 Rf6 35.a5 
Nd4 36.a6 h3 37.gxh3 Rxf3 38.Rg1+ Kh8 39.Qe4 Rxh3 40.Qg2 Nf3 41.Qxh3 Qxh3 
42.Rg2 Ra8 0-1

[Event "37th POL-ch"]
[Site "Lodz POL"]
[Date "1980.??.??"]
[Round "17"]
[White "Ksieski, Zbigniew"]
[Black "Schinzel, Wladyslaw"]
[Result "1/2-1/2"]
[WhiteElo "2345"]
[BlackElo "2385"]
[EventDate "1980.02.10"]

1.d4 Nf6 2.Nf3 d5 3.c4 e6 4.Nc3 Be7 5.Bg5 O-O 6.e3 Nbd7 7.cxd5 Nxd5 8.Bxe7
Qxe7 9.Nxd5 exd5 10.Rc1 Qb4+ 11.Qd2 Qxd2+ 12.Kxd2 c6 13.Bd3 Nf6 14.Ne5 Ng4
15.Nxg4 Bxg4 16.f3 1/2-1/2

[Event "37th POL-ch"]
[Site "Lodz POL"]
[Date "1980.??.??"]
[Round "17"]
[White "Adamski, Jan"]
[Black "Tomaszewski, Roman"]
[Result "1/2-1/2"]
[WhiteElo "2410"]
[BlackElo "2365"]
[EventDate "1980.02.10"]

1.Nf3 d5 2.d4 c5 3.c4 Nf6 4.cxd5 cxd4 5.Qxd4 Qxd5 6.Nc3 Qxd4 7.Nxd4 a6 8.
g3 e5 9.Nb3 Bd7 10.Bg2 Bc6 11.O-O Bxg2 12.Kxg2 b6 13.Be3 Nc6 14.Rfd1 Bb4 
15.Nd5 Nxd5 16.Rxd5 Rd8 17.Rad1 Ke7 18.Bxb6 Rxd5 19.Rxd5 Ke6 20.e4 h5 21.
f4 f5 22.Kf3 exf4 23.gxf4 Rf8 24.Rd1 Be7 25.Rg1 g5 26.fxg5 Ne5+ 27.Ke2 
fxe4 28.g6 Rg8 29.g7 Bf6 30.Nc5+ Kd5 31.Rd1+ Nd3 1/2-1/2

[Event "37th POL-ch"]
[Site "Lodz POL"]
[Date "1980.??.??"]
[Round "17"]
[White "Adamski, Andrzej"]
[Black "Kruszynski, Wlodzimierz"]
[Result "1-0"]
[WhiteElo "2350"]
[BlackElo "2350"]
[EventDate "1980.02.10"]

1.e4 c5 2.f4 Nc6 3.Nf3 e6 4.Nc3 a6 5.g3 d5 6.d3 Nf6 7.Qe2 Be7 8.Bg2 Nd4 9.
Qd1 O-O 10.O-O b5 11.e5 Nxf3+ 12.Qxf3 Nd7 13.Be3 Rb8 14.d4 Nb6 15.b3 f6 
16.dxc5 fxe5 17.cxb6 d4 18.Bf2 dxc3 19.Rad1 Qe8 20.Qxc3 exf4 21.Qc7 fxg3 
22.hxg3 1-0